Normal view
MARC view
- Environmental movement.
Entry Topical Term
001 - CONTROL NUMBER
- control field: 49662
003 - CONTROL NUMBER IDENTIFIER
- control field: OSt
005 - DATE AND TIME OF LATEST TRANSACTION
- control field: 20231018094031.0
008 - FIXED-LENGTH DATA ELEMENTS
- fixed length control field: 231018|| aca||aabn | a|a d
040 ## - CATALOGING SOURCE
- Original cataloging agency: OSt
- Transcribing agency: OSt
150 ## - HEADING--TOPICAL TERM
- Topical term or geographic name entry element: Environmental movement.
670 ## - SOURCE DATA FOUND
- Source citation: Work cat.: (OSt): Hirunyawipada, Tanawat. author. 49661, When will going green enhance firm performance? /, Summer 2020.
